| 000 | 00781nam a2200277Ia 4500 | ||
|---|---|---|---|
| 003 | OSt | ||
| 005 | 20221005085236.0 | ||
| 006 | a|||||r|||| 00| 0 | ||
| 007 | ta | ||
| 008 | 221004b |||||||| |||| 00| 0 eng d | ||
| 024 | _a42676 | ||
| 037 | _cTextual | ||
| 040 |
_aCRL _cCRL _beng |
||
| 041 |
_2eng _aeng |
||
| 082 | _aOvM, K5 | ||
| 100 |
_aCasson Lionel Ed. _9614074 |
||
| 110 | _aGift from Prof Amitava Banerjee, London | ||
| 245 | 0 | _aClassical age | |
| 260 |
_aNew York _bDell Publishing USA _c1965 |
||
| 300 |
_a640p. _ccm. |
||
| 490 | _aLaurel Masterpieces Of World Literature | ||
| 650 | _aENGLISH LITERATURE | ||
| 700 | _aGift from Prof Amitava Banerjee, London | ||
| 942 |
_hOvM, K5 _cTEXL _2cc |
||
| 999 |
_c993946 _d993946 |
||